00314nam a22000857a 4500008004100000082001900041245011900060260004100179300000800220230606b xxu||||| |||| 00| 0 eng d a341.24921bPAN aCompendium of the African Union Decisions Relating to the Pan African Parliament 2004-2009bPan-African Parliament aSouth AfricabPan-African Parliament a32p